000 00483nam a22001697a 4500
003 MACL
005 20241018154436.0
008 241018b |||||||| |||| 00| 0 eng d
040 _cMACL
082 _a570
100 _aSharma Sanjay
_934303
245 _aMaster The NCRT For NEET UG Biology Volume 2
260 _aNew Delhi
_bArihant Publication
_c2024
440 _aMaster The NCRT For NEET UG Biology Volume
_982524
600 _aSharma Sanjay
_934303
942 _2ddc
_cC. BOOKS
999 _c67065
_d67065